| 000 | 00595nam a2200133Ia 4500 | ||
|---|---|---|---|
| 008 | 100328s9999 xx 000 0 und d | ||
| 082 | _b64151 | ||
| 100 | _aसोनवणे राजकुँवर. | ||
| 245 | _aमराठी भाषा अयापनातील क्षेत्र प्रयोग. | ||
| 260 | _bअनुबंा. | ||
| 630 | _aमराठी भाषा अयापनातील क्षेत्र प्रयोग. | ||
| 730 | _aमराठी भाषा अयापनातील क्षेत्र प्रयोग. | ||
| 942 | _cBOOK | ||
| 999 |
_c549966 _d549963 |
||